| 000 | 00515nam a22001937a 4500 | ||
|---|---|---|---|
| 003 | CEME | ||
| 005 | 20210628202359.0 | ||
| 008 | 210128b xxu||||| |||| 00| 0 eng d | ||
| 020 | _a0-07-236767-9 | ||
| 040 | _c. | ||
| 082 | _a658 FRY | ||
| 100 |
_aFry, Fred L:Stoner, Charles R:Hattwick, Richard E _959652 |
||
| 245 | _aBusiness;an integrative approach | ||
| 250 | _a2ND | ||
| 260 |
_aNEW YORK _bIRWIN _c2001 |
||
| 300 | _aXX,567P | ||
| 650 |
_aINDUSTRIAL MANAGEMENT- CASE STUDIES _959653 |
||
| 942 |
_cBK _2ddc |
||
| 999 |
_c569576 _d569576 |
||